000 00691nam a22002297a 4500
005 20170124110103.0
010 _aA-997969
020 _c300.00
035 _aA-997969
037 _bCen Lib/Ret
040 _aDPL
_bEN
082 _a371.102
_bSIN
100 _aSinghvi, Urmila
_927618
245 _aTeacher,taught and teaching :
_cby Urmila Singhvi
_bin Indian context /
260 _bBooks Treasure
_c2000
_aRajasthan
270 _aSojati Gate
_bJodhpur
300 _aviii,213p.
_c21cm(Hb)
500 _aIncludes bibliographical references
650 _aEducational psychology
_927619
650 _aEducational sociology
_917928
942 _2ddc
_cEN
_h371.102
_mSIN
999 _c129863
_d129863